000
00255nam a2200109Ia 4500
008
220216s9999 xx 000 0 und d
100
_a
Lode W
245
0
_a
Thermo-kinetics of rubber
260
_b
IRI Transactions
_c
1950
300
_a
412-424
942
_c
JS
999
_c
71254
_d
71254